| 000 | 00666nam a22001577a 4500 | ||
|---|---|---|---|
| 999 |
_c370960 _d370960 |
||
| 008 | 201222b ||||| |||| 00| 0 eng d | ||
| 040 |
_aSTAFF _bger _cSTAFF _erda |
||
| 041 | _ager | ||
| 245 |
_a"Selten wurde so viel gelacht": _bEnde der Kleist-Festtage 2021: Frankfurter Veranstalter sind zufrieden / Festival war aufgrund der Pandemie eine Herausforderung/ _cPM/MM. |
||
| 650 | _aKleist-Festtage / Frankfurt (Oder) | ||
| 773 |
_dFrankfurt (Oder): Märkisches Verlags- und Druckhaus GmbH & Co. KG _tMärkischer Markt _g30. Jahrgang (2021) Nr. 41 vom 13./14.10.2021, S. 1 und 3 |
||
| 942 | _cA | ||